000 00297nam a22001337a 4500
008 171101b xxu||||| |||| 00| 0 eng d
020 _a9780415801607
041 _aeng
080 _a339.9
100 _a59
101 _aGLO
245 _aTHE GLOBAL CORPORATION
_cHARTMAN.L.P
942 _2udc
_cBK
999 _c37099
_d37099